000 00358nam a2200157Ia 4500
003 Ost
005 20260225132550.0
008 260225s9999||||xx |||||||||||||| ||und||
040 _cfsic
041 _afre
082 _a440
100 _aZoubir Seif El Islam
_eAuteur
245 0 _aComplot sur scéne /
245 0 _cZoubir Seif El Islam
942 _cكتاب
999 _c34066
_d34066